NFL Players with Multiple Mvps - Statistics

General Stats
  • This quiz has been taken 16 times
  • The average score is 8 of 11
Answer Stats
Hint Answer % Correct
3 Tom Brady
100%
4 Aaron Rodgers
94%
2 Joe Montana
88%
2 Lamar Jackson
81%
2 Patrick Mahomes
81%
5 Peyton Manning
81%
3 Brett Favre
63%
2 Steve Young
56%
3 Jim Brown
44%
3 Johnny Unitas
38%
2 Kurt Warner
31%
No matching quizzes found
Score Distribution
Percent of People with Each Score
Percentile by Number Answered
Your Score History
You have not taken this quiz